101 logo linii lotniczych - Statystyki

Ogólne statystyki
  • Ten quiz został rozwiązany 20 razy
  • Średni wynik to 48 z 101
Statystyki odpowiedzi
Obrazkowy Odpowiedź % Poprawnych
Air Canada
100%
LOT Polish Airlines
100%
Swiss International Air Lines
100%
KLM
95%
ITA Airways
89%
Turkish Airlines
89%
Wizz Air
89%
American Airlines
84%
EasyJet
84%
Qatar Airways
84%
Ryanair
84%
Scandinavian Airlines
84%
British Airways
79%
China Eastern Airlines
79%
Ethiopian Airlines
79%
Finnair
79%
Air France
74%
Air New Zealand
74%
Delta Air Lines
74%
Iberia
74%
Korean Air
74%
Aer Lingus
68%
Air Baltic
68%
Air China
68%
Emirates
68%
Japan Airlines
68%
Kenya Airways
68%
Qantas
68%
Thai Airways International
68%
United Airlines
68%
Alaska Airlines
63%
Croatia Airlines
63%
Singapore Airlines
63%
South African Airways
63%
Aerofłot
58%
Austrian Airlines
58%
Scoot
58%
TAP Portugal
58%
Virgin Atlantic Airways
58%
Air Europa
53%
Cathay Pacific
53%
China Southern Airlines
53%
EgyptAir
53%
Eurowings
53%
Saudi Arabian Airlines
53%
Transavia
53%
Air Dolomiti
47%
All Nippon Airlines
47%
China Airlines
47%
El Al Airlines
47%
Etihad Airways
47%
EVA Air
47%
Frontier Airlines
47%
Hawaiian Airlines
47%
JetBlue
47%
Malaysia Airlines
47%
Condor
42%
Fiji Airways
42%
Royal Air Maroc
42%
Jet2
37%
Royal Jordanian
37%
SriLankan Airlines
37%
Xiamen Air
37%
Aegean Airlines
32%
Aerolineas Argentinas
32%
Air India
32%
LATAM
32%
Luxair
32%
Oman Air
32%
Philippine Airlines
32%
T’way Air
32%
Azul
26%
Gulf Air
26%
JetStar
26%
Royal Brunei Airlines
26%
Smartwings
26%
TAROM
26%
Aeromexico
21%
Avianca
21%
Cebu Pacific
21%
Hainan Airlines
21%
Icelandair
21%
Shenzhen Airlines
21%
Sichuan Airlines
21%
Vietnam Airlines
21%
Air Astana
16%
Air Serbia
16%
Garuda Indonesia
16%
Kuwait Airways
16%
Lufthansa
16%
MIAT Mongolian Airlines
16%
Turkmenistan Airlines
16%
Uzbekistan Airways
16%
Air Mauritius
11%
Air Seychelles
11%
AnadoluJet
11%
Biman Bangladesh Airlines
11%
Air Transat
5%
Azerbaijan Airlines
5%
Pakistan International Airlines
5%
Air Algerie
0%
Nie znaleziono quizów pasujących do podanych kryteriów
Rozkład punktacji
Procent ludzi z każdym wynikiem
Percentyl według liczby udzielonych odpowiedzi
Twoja historia wyników
Nie rozwiązałeś tego quizu